书目信息 |
| 书名: | WHEN THE SPIDER DANCED | |
| 作者: | Alexander Alland,Jr. | |
| 分册号: | ||
| 分册名: | 出版地: | Illions : |
|
| 出版社: | WANELAND PRESS,INC | |
| 出版时间: | c1975. | |
| 页数: | 269 p. ; | |
| 开本: | 20cm. | |
| 丛书名: | ||
| 中图分类号: | ||
| 科图分类号: | ||
| 其他分类号: | K408 | |
| 主题词: | ||
| 电子资源: | ||
| 000 | 00386nam 2200145 a 4500 | |
| 001 | E0730869867 | |
| 005 | 20070518083924.21 | |
| 008 | 070518s1975 00010 eng | |
| 020 | @a0-88133-553-3. | |
| 040 | @aPFT@beng | |
| 090 | @aK408 | |
| 099 | @dK408@ex3 | |
| 245 | 1 | @aWHEN THE SPIDER DANCED / @cAlexander Alland,Jr. |
| 260 | @aIllions :@bWANELAND PRESS,INC,@cc1975. | |
| 300 | @a269 p. ;@c20cm. | |
| WHEN THE SPIDER DANCED / / Alexander Alland,Jr.-Illions : : WANELAND PRESS,INC, , c1975. |
| 269 p. ; ; 20cm. |
| ISBN 0-88133-553-3. |
| ● |
| 相关链接 |
|
|
|
|
正题名:WHEN THE SPIDER DANCED
索取号:K408/x3
 
预约/预借
| 序号 | 登录号 | 条形码 | 馆藏地/架位号 | 状态 | 备注 |
| 1 | 10373 | 300103732 | 第二样本阅览室/ [索取号:K408/x3] | 在馆 |